|
|
|
|
| LEADER |
00000nam0a2200000 4500 |
| 001 |
278685 |
| 005 |
20231101235133.0 |
| 035 |
|
|
|a (RuTPU)RU\TPU\book\301963
|
| 090 |
|
|
|a 278685
|
| 100 |
|
|
|a 20141213d1986 k y0rusy50 ca
|
| 101 |
0 |
|
|a rus
|
| 102 |
|
|
|a RU
|
| 105 |
|
|
|a a z 001zy
|
| 200 |
1 |
|
|a Физико-химические закономерности осадконакопления в солеродных бассейнах
|f Академия наук СССР (АН СССР), Сибирское отделение (СО), Институт геологии и геофизики (ИГиГ) ; под ред. А. Л. Яншина ; Г. А. Мерзлякова
|
| 210 |
|
|
|a Москва
|c Наука
|d 1986
|
| 215 |
|
|
|a 209 с.
|c ил.
|
| 320 |
|
|
|a Библиография в конце статей
|
| 606 |
1 |
|
|a Соленосные отложения
|x Петрография
|2 stltpush
|3 (RuTPU)RU\TPU\subj\55468
|9 73498
|
| 610 |
1 |
|
|a солеродные бассейны
|
| 610 |
1 |
|
|a сероводород
|
| 610 |
1 |
|
|a распределение
|
| 610 |
1 |
|
|a соль
|
| 610 |
1 |
|
|a прогрев
|
| 610 |
1 |
|
|a магнетит
|
| 610 |
1 |
|
|a проявление
|
| 610 |
1 |
|
|a расчет
|
| 610 |
1 |
|
|a бром
|
| 610 |
1 |
|
|a геохимия
|
| 610 |
1 |
|
|a газонефтяные месторождения
|
| 610 |
1 |
|
|a солеобразование
|
| 610 |
1 |
|
|a туфогенные глины
|
| 675 |
|
|
|a 552.53
|v 4
|
| 702 |
|
1 |
|a Яншин
|b А. Л.
|4 340
|
| 702 |
|
1 |
|a Мерзляков
|b Г. А.
|4 340
|
| 712 |
0 |
2 |
|a Академия наук СССР (АН СССР)
|b Сибирское отделение (СО)
|b Институт геологии и геофизики (ИГиГ)
|c (Новосибирск)
|2 stltpush
|3 (RuTPU)RU\TPU\col\128
|
| 801 |
|
1 |
|a RU
|b 63413507
|c 20141213
|
| 801 |
|
2 |
|a RU
|b 63413507
|c 20170412
|g RCR
|
| 942 |
|
|
|c BK
|